Action at Aquila / (Record no. 186862)
[ view plain ]
| 000 -LEADER | |
|---|---|
| fixed length control field | 00876 a2200169 4500 |
| 003 - CONTROL NUMBER IDENTIFIER | |
| control field | Nust |
| 005 - DATE AND TIME OF LATEST TRANSACTION | |
| control field | 20230120105746.0 |
| 040 ## - CATALOGING SOURCE | |
| Transcribing agency | Nust |
| 082 ## - DEWEY DECIMAL CLASSIFICATION NUMBER | |
| Classification number | 808.83,ALL |
| 100 ## - MAIN ENTRY--PERSONAL NAME | |
| Personal name | Allen , Hervey |
| 9 (RLIN) | 107218 |
| 245 ## - TITLE STATEMENT | |
| Title | Action at Aquila / |
| Statement of responsibility, etc. | Hervey Allen |
| 260 ## - PUBLICATION, DISTRIBUTION, ETC. | |
| Place of publication, distribution, etc. | London |
| Name of publisher, distributor, etc. | Victor Gollanccz |
| Date of publication, distribution, etc. | 1938 |
| 300 ## - PHYSICAL DESCRIPTION | |
| Extent | 450:p |
| 505 ## - FORMATTED CONTENTS NOTE | |
| Formatted contents note | The City of Brotherly Love (Page-15), Hurrah Boys Hurrah (Page-53), Yesterday and Tomorrow (Page-65), Twilight at Harrisburg (Page-74), A Barefooted Recital (Page-94), The Valley of Delight (Page-115), A Mad Dog Interlude (Page-125), The Escape of Sergeant Smith (Page-168), A Voice in the Wilderness (Page-185), The Arming of William Farfar (Page-198), Madam O’Riley follows the Flag (Page-208), The Valley of Solitude (Page-222), Coiner’s Retreat (Page-233), Dolls in the Shadows (Page-264). |
| 650 ## - SUBJECT ADDED ENTRY--TOPICAL TERM | |
| Topical term or geographic name entry element | Novel |
| 9 (RLIN) | 2525 |
| 942 ## - ADDED ENTRY ELEMENTS (KOHA) | |
| Source of classification or shelving scheme | |
| Koha item type | Book |
| Withdrawn status | Lost status | Source of classification or shelving scheme | Damaged status | Not for loan | Permanent Location | Current Location | Shelving location | Date acquired | Shelving control number | Full call number | Barcode | Date last seen | Price effective from | Koha item type | Public note |
|---|---|---|---|---|---|---|---|---|---|---|---|---|---|---|---|
| Military College of Signals (MCS) | Military College of Signals (MCS) | General Stacks | 12/12/2016 | English Literature | 808.83,ALL | MCS29797 | 12/08/2016 | 12/12/2016 | Book | Almirah No.56, Shelf No.4 |
